000 00648nam a22002177a 4500
003 OSt
005 20250819025411.0
008 250819b |||||||| |||| 00| 0 eng d
020 _a 978-0-307-33679-8
040 _aDWCL-Main lib
_cOC
082 _aCirc. 641.5 A784 2007
100 _aWater, Alice
245 _aThe art of simple food/
_cAlice Water
260 _aNew York :
_b Clarkson Potter,
_cc2007.
300 _aix, 405 pages :
_b: illustrations
_c24cm.
504 _aIncludes index.
650 _a1. Quick and easy cooking.
650 _a2. Cooking, American.
650 _a3. Food preferences.
942 _2ddc
_cBK-CIRC
_kCirc.
_n0
999 _c4044
_d4044